000 00848nam a22002177a 4500
005 20140724113009.0
010 _aHIN-102996
020 _c225.00
_a9788188080366
035 _aHN-75342
037 _bDBAD / PUB
082 _a821
100 _aपचौरी, आनन्द
245 _aसम्भावनाओं के पार /
_cआनन्द पचौरी
246 _aSambhavanaon ke paar
_bby Anand Pachouri
260 _aदिल्ली
_bनेहा प्रकाशन
_c2012
270 _a295, बैंक इंक्लेव, लक्ष्मीनगर
_bदिल्ली
_e110092
_k09868178918
300 _a141पृ.
_c22सेमी (सजिल्द)
650 _aहिन्दी कविताएँ
650 _aHindi Poerty
942 _2ddc
_cHN
_h821
_mपचौरी
999 _c87409
_d87409